[Event "Ålesund Grand Prix 2018"]
[Site "Thon Hotel Ålesund"]
[Date "2018.04.06"]
[Round "1"]
[White "Drønen, Ole Reza"]
[Black "Juksta, Karolis"]
[Result "0-1"]
[WhiteElo "1767"]
[BlackElo "2123"]

1. f4  d6  2. Nf3  Bg4
3. e4  e6  4. Be2
d5  5. d3  Nf6
6. Nc3  Bc5  7. Ne5  Bxe2
8. Qxe2  O-O  9. Bd2
Nc6  10. Nxc6  bxc6
11. Na4  Be7  12. e5
Nd7  13. d4  c5
14. c3  cxd4  15. cxd4  c5
16. Be3  Qa5+  17. Nc3
Qb6  18. dxc5  Bxc5
19. Bxc5  Nxc5  20. Rd1
Rfd8  21. Rd2  Rac8
22. Qf2  d4  23. Nd1
Ne4  24. Qe2  Nxd2
25. Qxd2  Qc5  26. O-O
Qc2  27. Rf2  Qb1
28. h3  Qxa2  29. Kh2
Qb3  30. Rf3  Qb5
31. Nf2  Qc4  32. Ne4
Qc2  33. Qxc2  Rxc2
34. Rb3  d3  35. Nd6
d2  36. Rd3  Rxb2
37. Kg3  Rdb8  38. Nc4
R2b3
0-1

[Event "Ålesund Grand Prix 2018"]
[Site "Thon Hotel Ålesund"]
[Date "2018.04.06"]
[Round "1"]
[White "Kyrkjebø, Erlend"]
[Black "Nesse, David"]
[Result "1-0"]
[WhiteElo "2121"]
[BlackElo "1724"]

1. e4  c5  2. Nf3  Nc6
3. Bb5  g6  4. Bxc6
bxc6  5. O-O  Bg7
6. Re1  Nh6  7. c3
f6  8. d4  cxd4
9. cxd4  Nf7  10. Nc3  O-O
11. Qc2  d6  12. h3
Qa5  13. Bd2  Qh5
14. Ne2  Ng5  15. Bxg5
fxg5  16. Ng3  Qh6
17. Qxc6  Bxh3  18. gxh3
Qxh3  19. Nxg5  Qg4
20. Qd5+  Kh8  21. Nf7+
Rxf7  22. Qxa8+  Rf8
23. Qd5  h5  24. e5
h4  25. Qh1  Kg8
26. Re4  Rf4  27. Rxf4
Qxf4  28. Ne2  Qg4+
29. Kf1  dxe5  30. dxe5
Bxe5  31. Qd5+
1-0

[Event "Ålesund Grand Prix 2018"]
[Site "Thon Hotel Ålesund"]
[Date "2018.04.06"]
[Round "1"]
[White "Valle, Knut"]
[Black "Kizatbay, Abyl"]
[Result "0-1"]
[WhiteElo "1713"]
[BlackElo "2095"]

1. d4  Nf6  2. Nf3 g6 3. Bf4  Bg7
4. e3  O-O  5. Bd3  d6
6. h3  Nbd7  7. Nbd2
b6  8. c3  Bb7
9. O-O  Re8  10. e4  e5
11. Bg5  exd4  12. cxd4 h6 13.
Bxf6  Nxf6  14. Re1  c5
15. dxc5  dxc5 16. Qb3 Qc7  17.
e5  Nd5  18. Bc4  Rad8
19. Rad1  Nf4  20. Qe3
g5  21. h4  Nxg2
22. Kxg2 g4 23. Kg1  gxf3  24.
Nxf3  Rxd1  25. Rxd1  Bxf3
26. Qxf3  Rxe5  27. Qg3
Qe7  28. Kg2  Re4
29. Qb8+  Bf8  30. Qg3+
Kh8  31. Bd3  Rxh4
32. Rg1  Qg5  33. Qxg5 hxg5 34.
Kf1  Be7  35. b3  Kg7
36. Ke2  Rh2  37. Ke3
Bf6  38. f4  Bd4+
39. Ke4  Bxg1  40. Kd4
0-1

[Event "Ålesund Grand Prix 2018"]
[Site "Thon Hotel Ålesund"]
[Date "2018.04.06"]
[Round "1"]
[White "Hoti, Nimon"]
[Black "Unhjem, Bjørn Robert Løvoll"]
[Result "0-1"]
[WhiteElo "1976"]
[BlackElo "1706"]

1. Nf3  Nf6  2. b3  c5
3. Bb2  Nc6  4. g3
d5  5. Bg2  h6
6. O-O  Bf5  7. d3  e6
8. Ne5  Nxe5  9. Bxe5
Bd6  10. Bb2  O-O
11. Nd2  e5  12. c4
Be6  13. Qc2  Qd7
14. Rfd1  d4  15. Ne4
Nxe4  16. dxe4  Bg4
17. f3  Bh3  18. Bh1
f5  19. exf5  Bxf5
20. Qd2  Be7  21. e3
Rad8  22. Qe1  Qc7
23. g4  Bc8  24. Qg3
Bg5  25. exd4  Bf4
26. Qe1  exd4  27. Bc1
Bxh2+  28. Kg2  Rde8
29. Qh4  Re2+  30. Kf1
Bg3  31. Qh3  Rh2
0-1

[Event "Ålesund Grand Prix 2018"]
[Site "Thon Hotel Ålesund"]
[Date "2018.04.06"]
[Round "1"]
[White "Skrede, Per Arne"]
[Black "Nakken, Roar E."]
[Result "1/2-1/2"]
[WhiteElo "1674"]
[BlackElo "1950"]

1. e4  e5  2. Nf3  Nc6
3. Bb5  a6  4. Ba4
Nf6  5. O-O  Nxe4
6. d4  b5  7. Bb3
d5  8. dxe5  Be6
9. Nbd2  Nc5  10. c3
d4  11. Bxe6  Nxe6
12. Ne4  Qd5  13. Re1
d3  14. Qb3  Rd8
15. Bd2  Be7  16. Rac1
Qxb3  17. axb3  a5
1/2-1/2

[Event "Ålesund Grand Prix 2018"]
[Site "Thon Hotel Ålesund"]
[Date "2018.04.06"]
[Round "2"]
[White "Eliseev, Sergey"]
[Black "Solberg, Joachim"]
[Result "0-1"]
[WhiteElo "1666"]
[BlackElo "2291"]

1. e4  c5  2. Nf3  e6
3. d4  cxd4  4. Nxd4
Bc5  5. Nc3  Qb6
6. Nce2  e5  7. c3
exd4  8. cxd4  Bb4+
9. Bd2  Nf6  10. f3
Bxd2+  11. Qxd2  d6
12. Nc3  Nc6  13. Bb5
O-O  14. O-O-O  a6
15. Ba4  Bd7  16. g4
Qa5  17. g5  Nh5
18. d5  Ne5  19. Bxd7 Nxd7
20. Qg2  Rac8  21. Qg4
Ne5  22. Qxh5  Rxc3+
23. bxc3  Qxc3+  24. Kb1
Nc4
0-1

[Event "Ålesund Grand Prix 2018"]
[Site "Thon Hotel Ålesund"]
[Date "2018.04.06"]
[Round "2"]
[White "Juksta, Karolis"]
[Black "Rasdal, Yngve"]
[Result "1-0"]
[WhiteElo "2123"]
[BlackElo "1866"]

1. d4  Nf6  2. c4  e6
3. Nc3  Bb4  4. f3
d5  5. a3  Bxc3+
6. bxc3  O-O  7. cxd5
exd5  8. e3  Bf5
9. Bd3  Bxd3  10. Qxd3
Nbd7  11. Ne2  Re8
12. O-O  Nb6  13. Ng3
Nc4  14. e4  c6
15. e5  Nd7  16. f4  f6
17. Ra2  Qe7  18. Re2
fxe5  19. fxe5  Rf8
20. Nf5  Qe6  21. Ref2
Rac8  22. Qg3  g6
23. Nh6+  Kh8  24. Nf7+
Kg8  25. Ng5  Qe7
26. Rf7  Qe8  27. e6
Ndb6  28. Nxh7  Nd6
29. Nf6+
1-0

[Event "Ålesund Grand Prix 2018"]
[Site "Thon Hotel Ålesund"]
[Date "2018.04.06"]
[Round "2"]
[White "Jørgensen, Bengt-Arne"]
[Black "Kyrkjebø, Erlend"]
[Result "0-1"]
[WhiteElo "1814"]
[BlackElo "2121"]

1. Nf3  c5  2. c4  Nc6
3. g3  g6  4. Bg2
Bg7  5. O-O  e6
6. Nc3  Nge7  7. a3  O-O
8. Rb1  d5  9. cxd5
exd5  10. d3  b6
11. Bd2  d4  12. Na2
Be6  13. b3  Qd7
14. Qc2  Rac8  15. Qb2
Rfe8  16. Rfc1  Bh3
17. Bxh3  Qxh3  18. Ng5
Qh5  19. Nf3  Nd5
20. Be1  Ne5  21. Nxe5
Rxe5  22. Rc2  Rce8
23. Nc1  Qh3  24. e4
dxe3  25. Qa2  exf2+
26. Bxf2  Re1+
0-1

[Event "Ålesund Grand Prix 2018"]
[Site "Thon Hotel Ålesund"]
[Date "2018.04.06"]
[Round "2"]
[White "Kizatbay, Abyl"]
[Black "Kyrkjebø, Marte B"]
[Result "1-0"]
[WhiteElo "2095"]
[BlackElo "1863"]

1. e4  e5  2. Nf3  Nc6
3. Bb5  a6  4. Ba4
Nf6  5. O-O  b5
6. Bb3  Bc5  7. c3  d6
8. d4  Bb6  9. Re1
O-O  10. a4  Bb7
11. d5  Ne7  12. Be3
Bxe3  13. Rxe3  Ng6
14. axb5  axb5  15. Rxa8
Qxa8  16. Na3  Ba6
17. Nc2  c6  18. dxc6
Qxc6  19. Nb4  Qb6
20. Nxa6  Qxa6  21. Ng5
h6  22. Nh3  Kh7
23. Qd2  Qc6
1-0

[Event "Ålesund Grand Prix 2018"]
[Site "Thon Hotel Ålesund"]
[Date "2018.04.06"]
[Round "2"]
[White "Unhjem, Bjørn Robert Løvoll"]
[Black "Fard, Adel Gharebagi"]
[Result "0-1"]
[WhiteElo "1706"]
[BlackElo "1928"]

1. e4  g6  2. Bc4  Bg7
3. Nc3  e6  4. Qe2
b6  5. f4  Bb7
6. Nf3  Nc6  7. d3  Na5
8. Bb3  Nxb3  9. axb3
a5  10. O-O  Nh6
11. Be3  O-O  12. Bd4
Qe7  13. Bxg7  Kxg7
14. Rae1  Ba6  15. e5
Nf5  16. Ne4  Bb7
17. Nf6  Qc5+  18. Kh1
Rad8  19. d4  Bxf3
20. Rxf3  Nxd4  21. Rh3
Rh8  22. Qf2  Nf5
23. Qxc5  bxc5  24. Ra1
d6  25. Rxa5  dxe5
26. g4  Rd1+  27. Kg2
Kxf6  28. fxe5+  Kxe5
29. gxf5  Rd2+  30. Kf3
Rxc2  31. fxg6  fxg6
32. b4  Rf8+  33. Ke3
Rf7  34. Rxc5+  Rxc5
35. bxc5  Kd5  36. b4
e5  37. Rh4  h5
38. Rh3  Rf4  39. Rg3  Rg4
40. Rf3  Rxb4  41. Rf7
c6  42. Rf6  Rb3+
43. Kf2  Rb2+  44. Kg3
Kxc5  45. Rxg6  Rb4
46. Kf3  Rf4+  47. Ke3
Rh4  48. Rg2  Kd5
49. Rd2+  Ke6  50. Rc2
Kf5  51. Kf3  e4+
52. Kg3  Rg4+  53. Kf2
Rg6  54. Rc5+  Kf4
55. Rxh5  e3+  56. Ke2
Rg2+  57. Ke1  Rc2
58. Rh8  c5  59. h4
Rh2  60. h5  Kf3
61. Rf8+  Ke4  62. Re8+
Kd3  63. Rd8+  Kc3
64. Re8  Kd3  65. Rd8+
Kc2  66. Rd5  c4
67. Re5  Kd3  68. Rd5+
Ke4  69. Rc5  Kd4
70. Rg5  c3  71. Rg8
c2  72. Rd8+  Ke5
0-1

[Event "Ålesund Grand Prix 2018"]
[Site "Thon Hotel Ålesund"]
[Date "2018.04.06"]
[Round "3"]
[White "Solberg, Joachim"]
[Black "Kizatbay, Abyl"]
[Result "1-0"]
[WhiteElo "2291"]
[BlackElo "2095"]

1. Nf3  Nf6  2. c4  g6
3. g3  Bg7  4. Bg2
O-O  5. O-O  d5
6. cxd5  Nxd5  7. Nc3  Nc6
8. d4  Nb6  9. d5
Na5  10. e4  c6
11. Qe2  cxd5  12. exd5  Nxd5
13. Nxd5  Qxd5  14. Qxe7
Bg4  15. Ng5  Qd7
16. Qxd7  Bxd7  17. Bd2
Nc4  18. Bb4  Rfd8
19. Bd5  Be8  20. Bxc4
Rd4  21. b3  b5
22. Nf3  Rdd8  23. Be2  Bxa1
24. Rxa1  a5  25. Bc5
Rd5  26. Be3  a4
27. b4  Rc8  28. Bc5
Rcd8  29. Rc1  Kg7
30. Be3  h6  31. h4
R8d7  32. Kf1  R7d6
33. Rc5  Rxc5  34. Bxc5
Rd5  35. Nd4  g5
36. hxg5  hxg5  37. Ke1
Kg6  38. Nxb5  Re5
39. Nc3  f5  40. Kd2
f4  41. gxf4  gxf4
42. Bd6
1-0

[Event "Ålesund Grand Prix 2018"]
[Site "Thon Hotel Ålesund"]
[Date "2018.04.06"]
[Round "3"]
[White "Kyrkjebø, Erlend"]
[Black "Juksta, Karolis"]
[Result "0-1"]
[WhiteElo "2121"]
[BlackElo "2123"]

1. e4  e6  2. d4  d5
3. Nd2  c5  4. exd5
exd5  5. Ngf3  a6
6. dxc5  Bxc5  7. Nb3
Bb6  8. Bg5  Nf6
9. Qe2+  Be6  10. Nfd4
Qe7  11. O-O-O  Nc6
12. Nxc6  bxc6  13. Nd4
Bxd4  14. Rxd4  h6
15. Bh4  g5  16. Qe5
gxh4  17. Rf4  Bd7
18. Qc3  d4  19. Rxd4
O-O  20. g3  h3
21. Qd2  Kg7  22. g4  c5
23. Rd3  Qe5  24. Rxh3
Qg5  25. Re3  Bc6
26. h4  Qf4  27. Rg1
Rad8  28. Bd3  Ne4
29. Qe1  Nxf2  30. Rf1
Rfe8  31. Qc3+  Kg8
32. Be4  Rxe4
0-1

[Event "Ålesund Grand Prix 2018"]
[Site "Thon Hotel Ålesund"]
[Date "2018.04.06"]
[Round "3"]
[White "Eliseev, Sergey"]
[Black "Nakken, Roar E."]
[Result "0-1"]
[WhiteElo "1666"]
[BlackElo "1950"]

1. e4 e5 2. Nf3 Nc6 3. Bc4 Nf6 4. Ng5 d5 5. exd5 Na5 6. d3 h6 7. Nf3 e4 8. Qe2 Nxc4 9. dxc4 Bc5 10. O-O O-O 11. Nfd2 Bg4 12. Qe1 Qd7 13. Nc3 Rae8 14. Nb3 Bf3 15. h3 Qf5 16. Ne2 Bd6 17. Nbd4 Qg6 18. Ng3 Nh5 19. Ndf5 Nxg3 20. Nxg3 f5 21. Kh2 f4 22. Bxf4 Bxf4 23. gxf3 exf3 24. Qc3 Bxg3+
0-1

[Event "Ålesund Grand Prix 2018"]
[Site "Thon Hotel Ålesund"]
[Date "2018.04.06"]
[Round "3"]
[White "Fard, Adel Gharebagi"]
[Black "Kyrkjebø, Hanna B"]
[Result "1-0"]
[WhiteElo "1928"]
[BlackElo "1944"]

1. d4  Nf6  2. e3  e6
3. f4  c5  4. Bd3
d5  5. c3  Be7
6. Nf3  O-O  7. O-O  b6
8. Ne5  Bb7  9. Nd2
Nbd7  10. Rf3  Ne4
11. Rh3  Ndf6  12. Ndf3
Bd6  13. g4  Nd7
14. Nxd7  Qxd7  15. g5
f5  16. Qe1  g6
17. Rh6  Qc7  18. Nh4  Qg7
19. Ng2  Rfd8  20. Bd2
Qc7  21. Bxe4  dxe4
22. Kf2  Bf8  23. Rh3
Bg7  24. Rg3  Qd7
25. h4  Ba6  26. h5
Kf7  27. Rh3  Rac8
28. Rd1  b5  29. Bc1
b4  30. Rd2  bxc3
31. bxc3  Qc6  32. Rh1
cxd4  33. cxd4  Qa4
34. hxg6+  hxg6  35. Qd1
Qc4  36. Ba3  Rd5
37. Bc5  Rd7  38. Rh7
Rdd8  39. Bxa7  Rh8
40. Rxh8  Bxh8  41. Bc5
Bg7  42. Qb1  Rh8
43. Kg3  Qa4  44. Qb6
Bb5  45. d5  exd5
46. Qb7+  Kg8  47. Qxd5+
Kh7  48. Ne1  Bc3
49. Qf7+  Bg7  50. Rh2#
1-0

[Event "Ålesund Grand Prix 2018"]
[Site "Thon Hotel Ålesund"]
[Date "2018.04.06"]
[Round "3"]
[White "Rasdal, Yngve"]
[Black "Nesse, David"]
[Result "1-0"]
[WhiteElo "1866"]
[BlackElo "1724"]

1. e4  c5  2. Nf3  d6
3. Bb5+  Bd7  4. Bxd7+
Qxd7  5. O-O  Nc6
6. c3  Nf6  7. Re1
O-O-O  8. d4  cxd4
9. cxd4  h5  10. d5
Ne5  11. Be3  Kb8
12. Qd4  Nxf3+  13. gxf3
b6  14. a4  g5
15. a5  g4  16. f4  g3
17. fxg3  h4  18. axb6
hxg3  19. b7  Qxb7
20. Rxa7  Qb5  21. Ra8+
1-0

[Event "Ålesund Grand Prix 2018"]
[Site "Thon Hotel Ålesund"]
[Date "2018.04.06"]
[Round "3"]
[White "Kyrkjebø, Marte B"]
[Black "Unhjem, Bjørn Robert Løvoll"]
[Result "1/2-1/2"]
[WhiteElo "1863"]
[BlackElo "1706"]

1. e4  c5  2. Nf3  g6
3. d4  cxd4  4. Qxd4
Nf6  5. Nc3  Nc6
6. Qa4  d6  7. e5
dxe5  8. Nxe5  Bd7
9. Nxd7  Qxd7  10. Be3
Bg7  11. Be2  O-O
12. Rd1  Qf5  13. O-O
Rfd8  14. Bf3  e5
15. Bxc6  bxc6  16. Rxd8+
Rxd8  17. Qxc6  Qxc2
18. Nd5  Qxc6  19. Ne7+
Kf8  20. Nxc6  Rc8
21. Nxe5  Rc2  22. Nd3
Ne4  23. Rc1  Rxc1+
24. Bxc1  Ke7  25. Be3
a6  26. f3  Nd6
27. b3  Bc3  28. Nf4  Kd7
29. Nd5  Bb2  30. Nb6+
Kc6  31. Nc4  Nxc4
32. bxc4  Be5  33. Kf2
f5  34. g3  h5
35. Ke2  h4  36. Bf4  Bf6
37. gxh4  Bxh4  38. Kd3
Bf6  39. Be3  Be5
40. h3  Bf6  41. Bd4
Bg5  42. Kc3  Bd8
43. Kb4  Bc7  44. Be3
Bd8  45. Bf4  Bb6
46. Be5  Bd8  47. Bd4
Bc7  48. Ba7  Kb7
49. Be3  Kc6  50. Ka4
Bd8  51. Kb3  Bf6
52. Kb4  Bd8  53. Kc3
Bf6+  54. Bd4  Bg5
55. Kd3  Bf4  56. Bf2
Bc7  57. Bd4  Bf4
58. Bf6  Bc1  59. Kc2
Be3  60. Kc3  Bc5
61. Bd4  Bd6  62. Kb3
Bf4  63. Kb4  Bc7
64. Kc3
1/2-1/2

[Event "Ålesund Grand Prix 2018"]
[Site "Thon Hotel Ålesund"]
[Date "2018.04.06"]
[Round "4"]
[White "Nyland, Thomas"]
[Black "Solberg, Joachim"]
[Result "1/2-1/2"]
[WhiteElo "2032"]
[BlackElo "2291"]

1. f4  d5  2. Nf3  g6
3. g3  Bg7  4. Bg2
c5  5. O-O  Nc6
6. e3  d4  7. e4  d3
8. cxd3  Qxd3  9. Nc3
Nf6  10. e5  Nd5
11. Ng5  Nxc3  12. dxc3
Qxd1  13. Rxd1  O-O
14. Be3  h6  15. Ne4
c4  16. Rd2  Rb8
17. Nc5  Rd8  18. Rad1
Bg4  19. Rxd8+  Nxd8
20. Rd4  b6  21. Na6
Rc8  22. Bd5  Ne6
23. Rxc4  Rd8  24. Be4
Be2  25. Ra4  Bb5
26. Ra3  Rd1+  27. Kf2
Rf1+  28. Kg2  Re1
29. Kf3  Rf1+  30. Kg2
Re1  31. Kf3  Rf1+
32. Kg2  Re1
1/2-1/2

[Event "Ålesund Grand Prix 2018"]
[Site "Thon Hotel Ålesund"]
[Date "2018.04.06"]
[Round "4"]
[White "Juksta, Karolis"]
[Black "Fard, Adel Gharebagi"]
[Result "1-0"]
[WhiteElo "2123"]
[BlackElo "1928"]

1. d4  g6  2. c4  Bg7
3. e4  c5  4. d5
d6  5. Bd3  Nd7
6. Nf3  a6  7. a4  Ne5
8. Nxe5  Bxe5  9. O-O
Nf6  10. Qc2  Qb6
11. Nc3  O-O  12. h3
Nh5  13. Ne2  f5
14. a5  Qc7  15. f4
Bg7  16. Bd2  Rb8
17. exf5  Bxf5  18. g4
Bxd3  19. Qxd3  Nf6
20. Bc3  b5  21. axb6
Qxb6  22. f5  gxf5
23. Qxf5  e5  24. dxe6
Qb7  25. Ng3  Qe7
26. Rae1  Ne8  27. Qe4
Rxf1+  28. Rxf1  Qh4
29. Nf5  Qg5  30. h4
Qd8  31. e7
1-0

[Event "Ålesund Grand Prix 2018"]
[Site "Thon Hotel Ålesund"]
[Date "2018.04.06"]
[Round "4"]
[White "Rasdal, Yngve"]
[Black "Kyrkjebø, Erlend"]
[Result "1/2-1/2"]
[WhiteElo "1866"]
[BlackElo "2121"]

1. d4  Nf6  2. c4  e6
3. Nf3  b6  4. g3
Ba6  5. b3  Bb4+
6. Bd2  Be7  7. Bg2
O-O  8. Nc3  Bb7
9. Qc2  d5  10. cxd5
Nxd5  11. Nxd5  Bxd5
12. O-O  Nd7  13. Bc3
Nf6  14. Bb2  Rc8
15. e3  c5  16. dxc5
Rxc5  17. Qe2  Qc8
18. Rac1  Bb7  19. Rxc5
Qxc5  20. Rc1  Qa5
21. Rc7  Ba6  22. Qc2
Nd5  23. Rxa7  Qxa2
24. e4  Nb4  25. Qc3
Qb1+  26. Ne1  f6
27. Rxe7  Nc2  28. Bf1
Nxe1  29. Bxa6  Nf3+
30. Kg2  Ne1+  31. Kh3
Qxe4  32. Bb7  Qf5+
33. g4  Qxf2  34. Qg3
Qf1+  35. Bg2  Nxg2
36. Qxg2  Qd3+  37. Qg3
Qf1+  38. Qg2  Qd3+
39. Qg3  Qf1+  40. Kh4
1/2-1/2

[Event "Ålesund Grand Prix 2018"]
[Site "Thon Hotel Ålesund"]
[Date "2018.04.06"]
[Round "4"]
[White "Kizatbay, Abyl"]
[Black "Kristiansen, Tore"]
[Result "1-0"]
[WhiteElo "2095"]
[BlackElo "1770"]

1. e4  c5  2. Nf3  g6
3. d4  cxd4  4. Nxd4
Bg7  5. c4  Nc6
6. Be3  Nf6  7. Nc3  O-O
8. Be2  d6  9. O-O
Bd7  10. Qd2  Ng4
11. Bxg4  Bxg4  12. f3
Be6  13. b3  a6
14. Nce2  Bd7  15. Rac1  Rb8
16. Rfd1  Qc7  17. Kh1
Rfe8  18. b4  Nxd4
19. Bxd4  Ba4  20. Re1
Bxd4  21. Qxd4  Qd7
22. Nc3  b6  23. Nd5
Qd8  24. b5  axb5
25. cxb5  Bxb5  26. Nc7
Bd7  27. Nxe8  Bxe8
28. e5  dxe5  29. Qxe5
Rb7  30. h3  Ra7
31. Red1  Rd7  32. Rxd7
Qxd7  33. Rc7  Qd6
34. Rxe7  Qd1+  35. Qe1
Qxe1+  36. Rxe1  Bd7
37. a3  b5  38. Kg1
Be6  39. Re5  Bc4
40. g4  Kf8  41. g5
f6  42. gxf6  Kf7
43. Re7+  Kxf6  44. Rxh7
Ke6  45. Kf2  Kf5
46. h4  Kf6  47. Ke3
Kf5  48. Rc7  Bf1
49. Rc5+  Kf6  50. Kf4
Be2  51. Rc6+  Kf7
52. Rb6  Bd3  53. Kg5
Ke7  54. Rxg6
1-0

[Event "Ålesund Grand Prix 2018"]
[Site "Thon Hotel Ålesund"]
[Date "2018.04.06"]
[Round "4"]
[White "Storeide, Erling"]
[Black "Hoti, Nimon"]
[Result "0-1"]
[WhiteElo "1879"]
[BlackElo "1976"]

1. e4 d6 2. Nf3 Nf6 3. Nc3 c6 4. Be2 g6 5. d4 Bg7 6. O-O O-O 7. h3 Qc7 8. Be3 Nbd7 9. Bd3 a6 10. Ne2 c5 11. c3 Nh5 12. Rc1 b5 13. Nf4 Nxf4 14. Bxf4 Bb7 15. Bb1 c4 16. Re1 e5 17. Be3 Nf6 18. d5 Nh5 19. g4 Nf4 20. Bxf4 exf4 21. Qd2 Bh6 22. g5 Bg7 23. Qxf4 f6 24. Qg3 fxg5 25. Nxg5 Be5 26. Qh4 Bc8 27. f3 Qe7 28. Kf2 Bf4 29. Rg1 Qa7+ 30. Kg2 Qe7 31. Kf2 Bxc1 32. Rxc1 Ra7 33. Rg1 Qf6 34. Qg3 Rg7 35. e5 dxe5 36. Ne4 Qf4 37. Qxf4 Rxf4 38. Nd2 Bxh3 39. Ke3 Rgf7 40. Be4 Bf5 41. Rg3 Kf8 42. b3 cxb3 43. axb3 Ke7 44. c4 Kd6 45. b4 Bxe4 46. Nxe4+ Rxe4+ 47. fxe4 bxc4 48. Rh3 Rb7 49. Rf3 Ke7 50. Kd2 Rxb4 51. Ra3 Rb2+ 52. Kc1 Re2 53. Rxa6 Rxe4 54. Kc2 Rd4 55. Re6+ Kd7 56. Rxe5 Kd6 57. Re8 Kxd5 58. Rd8+ Ke5 59. Re8+ Kf5 60. Kc3 Rg4 61. Rc8 h5 62. Rc5+ Ke6
0-1

[Event "Ålesund Grand Prix 2018"]
[Site "Thon Hotel Ålesund"]
[Date "2018.04.06"]
[Round "4"]
[White "Wadstensvik, Petter Andreas"]
[Black "Strand, Amund Pihl"]
[Result "1-0"]
[WhiteElo "1949"]
[BlackElo "1616"]

1. e4  c5  2. Nf3  e6
3. b3  a6  4. e5
Nc6  5. Bb2  d5
6. exd6  Nf6  7. Be2  Bxd6
8. O-O  O-O  9. d4
Nd5  10. Nc3  Nf4
11. dxc5  Nxe2+  12. Qxe2
Bxc5  13. Ne4  Be7
14. Rad1  Qa5  15. Qc4
Qb4  16. Qxb4  Nxb4
17. Ba3  b5  18. c3
Nc6  19. Bxe7  Nxe7
20. Nd6  Ra7  21. c4
bxc4  22. bxc4  Rc7
23. Rd3  a5  24. Nd4
Ba6  25. N4b5  Bxb5
26. cxb5  Rd7  27. Rfd1
Rfd8  28. R3d2  Nc8
29. Nc4  Rxd2  30. Rxd2
Rxd2  31. Nxd2  Nb6
32. Kf1  Kf8  33. Ke2
Ke7  34. Kd3  Kd7
35. Nc4  Nd5  36. Nxa5
Nb4+  37. Kc4  Nxa2
38. Kc5  Nc3  39. Kb6
Kd6  40. Ka6  Nxb5
41. Kxb5  Kd5  42. Nb3
g5  43. Kb4  Ke4
44. Kc3  e5  45. Nd2+
Kf4  46. Kd3  f5 47. h3 e4+
48. Kd4  g4  49. g3+
Kg5  50. h4+  Kh5
51. Ke5
1-0

[Event "Ålesund Grand Prix 2018"]
[Site "Thon Hotel Ålesund"]
[Date "2018.04.06"]
[Round "4"]
[White "Gaustad, Erlend"]
[Black "Hestholm, Gustav"]
[Result "1-0"]
[WhiteElo "1892"]
[BlackElo "1623"]

1. d4 Nf6 2. Bf4 c5 3. d5 d6 4. Nc3 Qb6 5. Qd2 g6 6. e4 Bg7 7. Bb5+ Bd7 8. Bxd7+ Nbxd7 9. Nge2 O-O 10. O-O Nh5 11. Be3 Ne5 12. b3 Ng4 13. Bg5 Bf6 14. Bxf6 Ngxf6 15. Kh1 Qc7 16. Rae1 a6 17. a4 Rfb8 18. Nf4 b5 19. Nxh5 Nxh5 20. axb5 axb5 21. f4 c4 22. b4 Qd7 23. e5 dxe5 24. fxe5 Ng7 25. Ne4 Ne8 26. Rxf7 Ra7 27. Qh6 
1-0

[Event "Ålesund Grand Prix 2018"]
[Site "Thon Hotel Ålesund"]
[Date "2018.04.06"]
[Round "4"]
[White "Jørgensen, Bengt-Arne"]
[Black "Hausken, Andreas Skrede"]
[Result "1-0"]
[WhiteElo "1814"]
[BlackElo "1585"]

1. d4 Nf6 2. c4 e6 3. Nc3 d5 4. e3 Be7 5. Bd3 O-O 6. Nf3 b6 7. O-O Bb7 8. b3 dxc4 9. Bxc4 c5 10. Bb2 Nc6 11. d5 Na5 12. dxe6 Nxc4 13. exf7+ Kh8 14. bxc4 Qxd1 15. Raxd1 Bxf3 16. gxf3 Rxf7 17. Rd2 Rff8 18. Rfd1 a6 19. Nd5 Nxd5 20. cxd5 Rxf3 21. d6 Bf6 22. Kg2 Rf5 23. Bxf6 Rxf6 24. e4 Kg8 25. d7 Rd8 26. e5 Re6 27. f4 g6 28. Kf3 Kf7 29. h4 b5 30. h5 c4 31. hxg6+ hxg6 32. Rh2 Kg8 33. Rdh1 Rc6 34. Rh8+ Kf7 35. R1h7+ Ke6 36. Rxd8
1-0

[Event "Ålesund Grand Prix 2018"]
[Site "Thon Hotel Ålesund"]
[Date "2018.04.06"]
[Round "4"]
[White "Unhjem, Bjørn Robert Løvoll"]
[Black "Storeide, Helge"]
[Result "1-0"]
[WhiteElo "1706"]
[BlackElo "1723"]

1. e4 c5 2. Nf3 Nc6 3. d4 cxd4 4. Nxd4 a6 5. Nc3 e6 6. Bc4 Qc7 7. Nxc6 Qxc6 8. Bb3 Bb4 9. O-O Bxc3 10. bxc3 Qxe4 11. Ba3 Ne7 12. Re1 Qc6 13. Qg4 Qxc3 14. Rad1 Qf6 15. Qb4 Nc6 16. Qb6 Qd8 17. Qe3 Ne7 18. Qg5 Nf5 19. Qxf5 g6 20. Qc5 b5 21. Bxe6
1-0

[Event "Ålesund Grand Prix 2018"]
[Site "Thon Hotel Ålesund"]
[Date "2018.04.06"]
[Round "5"]
[White "Solberg, Joachim"]
[Black "Juksta, Karolis"]
[Result "1-0"]
[WhiteElo "2291"]
[BlackElo "2123"]

1. e4  e6  2. d4  d5
3. Bd3  dxe4  4. Bxe4
Nf6  5. Bf3  c5
6. Ne2  Nc6  7. Be3  e5
8. Bxc6+  bxc6  9. c3
Ba6  10. O-O  exd4
11. cxd4  cxd4  12. Bxd4
Bd6  13. Re1  O-O
14. Ng3  Re8  15. Rxe8+
Nxe8  16. Nc3  Qh4
17. Be3  Qb4  18. Qc2
c5  19. Nce4  c4
20. Bd4  Bb7  21. Ng5
g6  22. Qe2  Qb5
23. Nf3  a5  24. a3
Rd8  25. Bc3  Bc7
26. Re1  Qc6  27. Qe7
Bb6  28. Ne4  Qc7
29. Qxe8+  Rxe8  30. Nf6+
Kf8  31. Rxe8+  Kg7
32. Nd5+
1-0

[Event "Ålesund Grand Prix 2018"]
[Site "Thon Hotel Ålesund"]
[Date "2018.04.06"]
[Round "5"]
[White "Kyrkjebø, Erlend"]
[Black "Wadstensvik, Petter Andreas"]
[Result "1-0"]
[WhiteElo "2121"]
[BlackElo "1949"]

1. e4  c5  2. Nf3  e6
3. b3  a6  4. Bb2
Nc6  5. Qe2  d6
6. g3  e5  7. c3  Nf6
8. Bg2  b5  9. d4
Rb8  10. O-O  Qb6
11. Nbd2  g6  12. dxe5
dxe5  13. Nxe5  Nxe5
14. c4  Qe6  15. f4
Nc6  16. e5  Nd4
17. Qd3  Nd7  18. Bd5
Qe7  19. Ne4  Bb7
20. Bxb7  Nxe5  21. fxe5
Qxb7  22. Nf6+  Kd8
23. Bxd4  cxd4  24. Qxd4+
Kc8  25. cxb5  Qxb5
26. Rac1+  Kb7  27. Nd5
1-0

[Event "Ålesund Grand Prix 2018"]
[Site "Thon Hotel Ålesund"]
[Date "2018.04.06"]
[Round "5"]
[White "Fard, Adel Gharebagi"]
[Black "Kizatbay, Abyl"]
[Result "1/2-1/2"]
[WhiteElo "1928"]
[BlackElo "2095"]

1. d4  Nf6  2. f4  g6
3. Nf3  Bg7  4. e3
O-O  5. Bd3  d6
6. e4  c5  7. d5  c4
8. Bxc4  Nxe4  9. Qe2
Nf6  10. O-O  b5
11. Bb3  a5  12. a3
Nbd7  13. Re1  Nc5
14. Nc3  Ba6  15. Qf2
Ng4  16. Qd2  Nxb3
17. cxb3  Qb6+  18. Kh1
Nf2+  19. Kg1  Nd3+
20. Qe3  Qxe3+  21. Rxe3
Nxc1  22. Rxc1  b4
23. Nd1  Bf6  24. g4
Bb7  25. g5  Bg7
26. Rd3  Rfc8  27. Rc4
Ba6  28. Rxc8+  Rxc8
29. Rd2  bxa3  30. bxa3
Rb8  31. Nd4  Bxd4+
32. Rxd4 Rxb3  33. a4  Be2
34. Nf2  Rb4  35. Re4
Bc4  36. Rxe7  Bxd5
37. Ng4  Kf8  38. Ra7
Rxf4  39. Nf6  Rf5
40. h4  Bc6  41. Nxh7+
Kg7  42. Nf6  Bxa4
43. Ne4  Rf4  44. Nxd6
Bb3  45. Rxa5  Rxh4
46. Ne8+  Kf8  47. Nf6
Be6  48. Ra7  Rb4
49. Ra5  Rb2  50. Kf1
Ke7  51. Ke1  Rc2
52. Kd1  Rg2  53. Ke1
Bf5  54. Nh7  Ke6
55. Kf1  Rb2  56. Nf8+
Kd6  57. Nh7  Bd3+
58. Kg1  Bb5  59. Ra7
Ke6  60. Rb7  Kf5
61. Rxf7+  Kg4  62. Rc7
Bd3  63. Nf6+  Kxg5
64. Nd5  Kg4  65. Re7
Rb5  66. Re5  Kg3
67. Re3+  Kg4  68. Rxd3
Rb2  69. Ne3+  Kg5
70. Rd4  Ra2  71. Nd1
Kh5  72. Nf2  g5
73. Kg2  g4  74. Kg3
Ra3+  75. Nd3  Ra5
76. Rd8  Ra3  77. Rd5+
Kg6  78. Kxg4  Ra4+
79. Nf4+  Kf6  80. Rd6+
Ke7  81. Rb6  Kf7
82. Kf5  Ra5+  83. Ke4
Ra4+  84. Ke5  Ra5+
85. Nd5  Ra1  86. Rf6+
Kg7  87. Rf2  Re1+
88. Kf5  Ra1  89. Rb2
Rf1+  90. Nf4  Kf7
91. Rb7+  Ke8  92. Ke6
Re1+  93. Kd6  Rd1+
94. Nd5  Kf8  95. Ke6
Re1+  96. Kf5  Rf1+
97. Nf4  Ke8  98. Ke4
1/2-1/2